Advanced Financial Management (Record no. 209494)

MARC details
000 -LEADER
fixed length control field 00557nam a22001817a 4500
005 - DATE AND TIME OF LATEST TRANSACTION
control field 20250219160245.0
010 ## - LCCN (DPL NO)
LC control number ENG-143857
020 ## - INTERNATIONAL STANDARD BOOK NUMBER
Terms of availability 690.00
International Standard Book Number 9788119337071
035 ## - SYSTEM CONTROL NUMBER
System control number EN-127389
037 ## - SOURCE OF ACQUISITION
Source of stock number/acquisition DBAD
082 ## - DEWEY DECIMAL CLASSIFICATION NUMBER
Classification number 658.1505
Edition number 01
100 ## - MAIN ENTRY--PERSONAL NAME
Personal name Chellasamy P.
245 ## - TITLE STATEMENT
Title Advanced Financial Management
Statement of responsibility, etc P. Chellasamy
Medium English
260 ## - PUBLICATION, DISTRIBUTION, ETC. (IMPRINT)
Place of publication, distribution, etc Tamil Nadu
Name of publisher, distributor, etc Shanlax Publication
Date of publication, distribution, etc 2023
270 ## - ADDRESS
City Tamil Nadu
Address 61,66 T.P.K. Main Road Vasantha Nagar, Madurai
300 ## - PHYSICAL DESCRIPTION
Extent 337pp
Dimensions 25cm(pbk)
942 ## - ADDED ENTRY ELEMENTS (KOHA)
Source of classification or shelving scheme Dewey Decimal Classification
Item type English Books
Classification part 658.1505
Edition CHE
Holdings
Withdrawn status Lost status Not for loan Collection code Home library Current library Date acquired Source of acquisition Cost, normal purchase price Full call number Barcode Cost, replacement price Koha item type
      Non-fiction Central Library Central Library 19/02/2025 DBAD 690.00 658.1505 EN-127389 690.00 English Books

© Delhi Public Library
Hit Counter
free hit counter